Řízení jakosti a ochrana spotřebitele
Guardado en:
| Autor principal: | |
|---|---|
| Formato: | Libro |
| Lenguaje: | checo |
| Publicado: |
Praha :
Grada,
2007
|
| Edición: | 2., aktual. vyd. |
| Materias: | |
| Etiquetas: |
Sin Etiquetas, Sea el primero en etiquetar este registro!
|
MARC
| LEADER | 00000nam a22000003a 4500 | ||
|---|---|---|---|
| 001 | stu200072 | ||
| 005 | 20150617230110.1 | ||
| 008 | 100223s2007----xr------------------cze-d | ||
| 020 | |a 978-80-247-1782-1 | ||
| 040 | |a STU |b slo | ||
| 041 | 0 | |a cze | |
| 044 | |a xr | ||
| 080 | |a 658.56 | ||
| 100 | 1 | |a Veber, Jaromír |4 aut | |
| 245 | 1 | |a Řízení jakosti a ochrana spotřebitele | |
| 250 | |a 2., aktual. vyd. | ||
| 260 | |a Praha : |b Grada, |c 2007 | ||
| 300 | |a 163 s | ||
| 650 | 7 | |a kvalita-riadenie |2 stusub | |
| 650 | 7 | |a spotrebiteľ-ochrana |2 stusub | |
| 996 | |b 284M077927 |c M*12690-1 |l MMKN |s A |a 24 |w stu200072_0001 | ||